| 000 | 01012nam a2200229Ii 4500 | ||
|---|---|---|---|
| 003 | JO-AjNU | ||
| 008 | 230605s9999||||xx |||||||||||||| ||und|| | ||
| 017 | _a2009/9/4227 | ||
| 020 | _a978-9957-19-036-1 | ||
| 040 |
_aJO-AjNU _bara _erda _cJO-AjNU |
||
| 041 | _aara | ||
| 050 | 1 | 4 | _aDS154.52.B34.M84 2010 |
| 100 | 3 |
_aالرواضية، النهدي عبد... وآخرون؛ تقديم هند أبو الشعر, _eauthor _946270 |
|
| 245 | 0 | 0 | _aمحمد عدنان البخيت: مؤرخا وموثقا وأستاذا ومؤسسا |
| 250 | _aط1 | ||
| 264 | 3 | 1 | _aعمان: بيروت: مؤسسة عبد الحميد شومان، المؤسسة العربية للدراسات والنشر، 2010 |
| 300 |
_a901ص _bيتضمن مراجع ببليوغرافيا وكشافات |
||
| 336 |
_atext _btxt _2rdacontent |
||
| 337 |
_aunmediated _bn _2rdamedia |
||
| 338 |
_avolume _bnc _2rdacarrier |
||
| 650 | 4 |
_aالمؤرخيون الاردنيون - تراجم - محمد عدنان البخيت 1941م _946271 |
|
| 999 |
_aA20116 _c23684 _d23684 |
||